Modern database management /

Bibliographic Details
Main Author: Hoffer, Jeffrey A.
Other Authors: Prescott, Mary B., McFadden, Fred R., 1933-
Format: Book
Language:English
Published: Upper Saddle River, N.J. ; New Delhi : Pearson/ Prentice Hall, c2008.
Edition:Eighth edition.
Subjects:
Classic Catalogue: View this record in Classic Catalogue
LEADER 01320nam a2200289 a 4500
001 0016941
003 BD-DhAAL
008 110720s2008 njua b 001 0 eng d
020 |a 032212110 
020 |a 8131709485 
040 |a DLC  |c DLC  |d DLC  |c BD-DhAAL 
082 0 0 |a 005.74  |2 22 
100 1 |a Hoffer, Jeffrey A. 
245 1 0 |a Modern database management /  |c Jeffrey A. Hoffer, Mary B. Prescott, Fred R. McFadden. 
250 |a Eighth edition. 
260 |a Upper Saddle River, N.J. ;  |a New Delhi :  |b Pearson/ Prentice Hall,  |c c2008. 
300 |a xxxii, 624 p. :  |b ill. ;  |c 29 cm 
504 |a Includes bibliographical references and index. 
526 |a CSE  |x Dr. Mumit Khan Professor and Chairperson Department of Computer Science and Engineering BRAC University 
541 1 |e 0016941  |a Smart Books 
650 0 |a Database management. 
700 1 |a Prescott, Mary B.  |9 58628 
700 1 |a McFadden, Fred R.,  |d 1933-  |9 58629 
852 4 |a Ayesha Abed Library  |c General Stacks 
942 |2 ddc  |c BK 
999 |c 11121  |d 11121 
952 |0 0  |1 0  |2 ddc  |4 0  |6 005_740000000000000_HOF  |7 0  |9 17558  |a BRACUL  |b BRACUL  |c GEN  |d 2011-07-21  |e Smart Books  |g 628.00  |l 8  |m 45  |o 005.74 HOF  |p 3010016941  |r 2025-07-22  |s 2025-07-08  |t 1  |w 0000-00-00  |y BK  |x Requisitioned by Dr. Mumit Khan (Professor and Chairperson, Department of Computer Science and Engineering, BRAC University).